Diseño de un sistema externo de protección contra descargas atmosféricas y su malla de puesta a tierra para el Hospital San Juan de Dios
Uloženo v:
| Hlavní autor: | |
|---|---|
| Další autoři: | |
| Médium: | Kniha |
| Jazyk: | Spanish |
| Vydáno: |
[San José, Costa Rica]
2013
|
| Témata: |
DESCARGAS ELECTRICAS - PROTECCION - COSTA RICA
> DESCARGAS ELECTRICAS - MEDIDAS DE SEGURIDAD - COSTA RICA
> CONEXION A TIERRA (ELECTRICIDAD)
> CONDUCTIVIDAD ELECTRICA
> EDIFICIOS - PROTECCION - COSTA RICA
> ELECTRICIDAD ATMOSFERICA - MEDIDAS DE SEGURIDAD
> RAYOS ATMOSFERICOS - PROTECCION - COSTA RICA
> HOSPITAL SAN JUAN DE DIOS (COSTA RICA)
|
| Tagy: |
Přidat tag
Žádné tagy, Buďte první, kdo vytvoří štítek k tomuto záznamu!
|
MARC
| LEADER | 00000nam a22000007a 4500 | ||
|---|---|---|---|
| 003 | 011921 | ||
| 005 | 20230816120001.0 | ||
| 008 | 150313b2013 cr a|||| |||| 00| 0 spa d | ||
| 040 | |c cru CEDI | ||
| 100 | |9 1081 |a Díaz Varela, Fabián Eugenio, 1979- | ||
| 245 | |a Diseño de un sistema externo de protección contra descargas atmosféricas y su malla de puesta a tierra para el Hospital San Juan de Dios | ||
| 260 | |a [San José, Costa Rica] |c 2013 | ||
| 500 | |a Tesis (licenciatura en ingeniería eléctrica)--Universidad de Costa Rica. Facultad de Ingeniería. Escuela de Ingeniería Eléctrica | ||
| 501 | |a Director de Tesis de Graduación: Ing. Jorge Romero, Ph.D | ||
| 650 | |x DESCARGAS ELECTRICAS - PROTECCION - COSTA RICA |x DESCARGAS ELECTRICAS - MEDIDAS DE SEGURIDAD - COSTA RICA |x CONEXION A TIERRA (ELECTRICIDAD) |x CONDUCTIVIDAD ELECTRICA |x EDIFICIOS - PROTECCION - COSTA RICA |x ELECTRICIDAD ATMOSFERICA - MEDIDAS DE SEGURIDAD |x RAYOS ATMOSFERICOS - PROTECCION - COSTA RICA |x HOSPITAL SAN JUAN DE DIOS (COSTA RICA) |9 456 | ||
| 700 | |9 359 |a Romero Chacón, Jorge Arturo, 1961- |d Director del TFG | ||
| 942 | |c CEDI |h TFG 7087 |6 TFG_7087_000000000000000 | ||
| 999 | |c 13698 |d 13698 | ||
